MARC

LEADER 00000nam0a2200000 4500
001 366047
005 20231102011838.0
035 |a (RuTPU)RU\TPU\retro\23410 
090 |a 366047 
100 |a 20220128d1979 km y0rusy50 ca 
101 0 |a rus 
102 |a RU 
105 |a a z 001zy 
200 1 |a Противофильтрационные завесы на карьерах  |f Н. Н. Рогатин, Н. П. Сенаторов 
210 |a Москва  |c Недра  |d 1979 
215 |a 128 с.  |c ил. 
320 |a Библиогр.: с. 124-126 
606 1 |a Карьеры  |x Противофильтрационные завесы  |2 stltpush  |3 (RuTPU)RU\TPU\subj\13982  |9 40513 
610 1 |a карьерные поля 
610 1 |a осушение 
610 1 |a применение 
610 1 |a фильтрационные расчеты 
610 1 |a моделирование 
610 1 |a обводнение 
610 1 |a защита 
610 1 |a горностроительные работы 
610 1 |a режим 
610 1 |a исследование 
675 |a 622.58  |v 4 
700 1 |a Рогатин  |b Н. Н.  |g Николай Николаевич 
701 1 |a Сенаторов  |b Н. П.  |g Николай Петрович 
801 1 |a RU  |b 63413507  |c 20220128 
942 |c BK